| 000 | 00931nas a2200313 4500 | ||
|---|---|---|---|
| 001 | BR2018002355 | ||
| 003 | BR-BrBNA | ||
| 005 | 20231205131453.0 | ||
| 007 | ta | ||
| 008 | 230509b bl.|||p| |||| 00| 00por d | ||
| 040 |
_aBR-BrBNA _bpor _cBiblioteca Nacional de Agricultura |
||
| 041 | _a(En) | ||
| 072 | _aH10 | ||
| 100 | 1 | _aSilva, O.A.B.N. e | |
| 100 | 1 | _aBotton, M. | |
| 100 | 1 | _aBernardi, D. | |
| 100 | 1 | _aArioli, C.J. | |
| 100 | 1 | _aOmoto, C. | |
| 245 | 1 | _aSusceptibility of Grapholita molesta to insecticides in Brazil | |
| 650 | _aMAÇÃ | ||
| 650 | _aPÊSSEGO | ||
| 650 | _aPRAGA DE PLANTA | ||
| 650 | _aCONTROLE QUÍMICO | ||
| 650 | _aMARIPOSA ORIENTAL | ||
| 773 | 0 |
_tCiência Rural (Brazil) _xISSN 1678-4596 _g(2018), v. 48(1) p. 1-6 _wBR2018002355 |
|
| 856 | 4 | 0 | _uhttp://www.scielo.br/pdf/cr/v48n1/1678-4596-cr-48-01-e20170253.pdf |
| 909 |
_a202311 _bLúcia _c55 _dLúcia Elande |
||
| 942 |
_2AGRIS _n0 _cANA |
||
| 999 |
_c255007 _d255007 |
||